Marvel Rivals Alt Lines (Enemy Team) - Statistics

General Stats
  • This quiz has been taken 363 times
  • The average score is 19 of 37
Answer Stats
Hint Answer % Correct
Groot I am groot
96%
Captain America Assemble
88%
Magneto Fear Magneto
88%
Venom We are venom
84%
Doctor Strange By the eye of Agamotto
81%
Hulk Hulk Smash
81%
Peni Parker Its spider time
80%
Thor Behold, the god of thunder
70%
Iron Man Maximum Pulse
70%
Black Widow Plasma burst
70%
Moon Knight The moon haunts you
66%
The Punisher Judge jury executioner
65%
Scarlet Witch Pure chaos
64%
Black Panther Tremble before bast
64%
Star Lord Legendary
63%
Magik Behold Darkchild
62%
Mister Fantastic Fantastic
62%
Winter Soldier Armed and Dangerous
57%
Squirrel Girl Squirrel stampede
55%
Spider-Man Don't mess with the amazing spider man
52%
Adam Warlock Born again
51%
Hela Hel Unleashed
50%
Hawkeye Woo i never miss
48%
Cloak and Dagger Us against the world
45%
Loki Your powers are mine
43%
Invisible Woman Disappear
41%
Mantis We are undefeatable
33%
Luna Snow I am ready to put on a show
30%
Human Torch Supernova
30%
Storm Feel the wrath of the goddess
29%
The Thing Its clobberin time
27%
Rocket Racoon This is real firepower
27%
Jeff the Land Shark Nomnomnom
21%
Iron Fist Qi guan chang hong
8%
Psylocke Cho no mai o kurae
4%
Namor Horn sound
4%
Wolverine Huuurgh
0%
No matching quizzes found
Score Distribution
Percent of People with Each Score
Percentile by Number Answered
Your Score History
You have not taken this quiz